BIBLIOTECA

SENCICO

Aspectos fundamentales del concreto (Registro nro. 1859)

Detalles MARC
000 -LEADER
fixed length control field 00679nam a2200193Ia 4500
005 - DATE AND TIME OF LATEST TRANSACTION
control field 20251020182524.0
008 - FIXED-LENGTH DATA ELEMENTS--GENERAL INFORMATION
fixed length control field 200515s9999 xx 000 0 und d
082 ## - DEWEY DECIMAL CLASSIFICATION NUMBER
Classification number 691.328/G71
100 ## - MAIN ENTRY--PERSONAL NAME
Personal name GANZALES CUEVAS, Oscar ROBLES, Francisco DÍAZ COSSIO, Roger
245 #0 - TITLE STATEMENT
Title Aspectos fundamentales del concreto
260 ## - PUBLICATION, DISTRIBUTION, ETC.
Place of publication, distribution, etc. México, D.F.
260 ## - PUBLICATION, DISTRIBUTION, ETC.
Date of publication, distribution, etc. 1974
500 ## - GENERAL NOTE
General note 1 ejemplar
520 ## - SUMMARY, ETC.
Summary, etc. Comportamiento de miembros estructurales de concreto reforzado sometidos a distintos tipos de solicitaciones o acciones y establecer procedimientos de diseño que se basan en dicho comportamiento
650 ## - SUBJECT ADDED ENTRY--TOPICAL TERM
Topical term or geographic name entry element CONCRETO REFORZADO
650 ## - SUBJECT ADDED ENTRY--TOPICAL TERM
Topical term or geographic name entry element LIB
650 ## - SUBJECT ADDED ENTRY--TOPICAL TERM
Topical term or geographic name entry element LOSAS
942 ## - ADDED ENTRY ELEMENTS (KOHA)
Koha item type Libros
Existencias
Fecha de la última vez que lo usaron Pago total Signatura topográfica completa Código de barras Precio efectivo desde Tipo de documento Estado perdido Estado dañado No es para préstamo Retirado Ubicación permanente Ubicación actual Fecha de adquisición
15/05/2020   691.328/G71 Bib-Lima15051859 15/05/2020 Libros         Biblioteca Central Lima Biblioteca Central Lima 15/05/2020